Guess the artist by debut album - Statistics

General Stats
  • This quiz has been taken 20 times
  • The average score is 6 of 15
Answer Stats
Hint Answer % Correct
Get Rich Or Die Tryin 50 Cent
81%
College Dropout Kanye West
75%
Reasonable Doubt Jay Z
56%
Illimatic Nas
56%
The Chronic Dr Dre
50%
Goodbye & Good Riddance Juice Wrld
50%
Pink Friday Nicki Minaj
38%
F*ck Love The Kid Laroi
38%
Stoney Post Malone
31%
Tha Block Is Hot Lil Wayne
25%
It's Dark and Hell Is Hot DMX
19%
Rolling Papers Wiz Khalifa
19%
Artist A Boogie Wit Da Hoodie
13%
Food & Liquor Lupe Fiasco
13%
Feed Tha Streets Roddy Ricch
6%
No matching quizzes found
Score Distribution
Percent of People with Each Score
Percentile by Number Answered
Your Score History
You have not taken this quiz